Statistiken für Champions League Topscorer 1999/00

Klicken Sie hier um das Quiz zu spielen!

Allgemein

  • Dieses Quiz wurde 8 mal gespielt
  • Das Durchschnittsergebnis liegt bei 7 aus 16

Antwortstatistiken

RangNationVereinToreAntwort% Korrekt
1SpanienReal Madrid10Raul
100%
9IrlandManchester United6Roy Keane
100%
12PortugalBarcelona5Luis Figo
88%
7NiederlandeBarcelona7Patrick Kluivert
75%
1BrasilienBarcelona10Rivaldo
63%
9SpanienBarcelona6Luis Enrique
50%
12ArgentinienAC Fiorentina5Gabriel Batistuta
38%
1BrasilienFC Porto10Jardel
38%
12NorwegenRosenborg5John Carew
38%
9SpanienReal Madrid6Morientes
38%
7BrasilienBayern München7Paulo Sergio
38%
4ItalienLazio9Simone Inzaghi
25%
5UkraineDynamo Kiev8Serhiy Rebrov
13%
5NorwegenChelsea8Tore Andre Flo
13%
12ArgentinienValencia5Claudio Lopez
0%
12SpanienValencia5Mendieta
0%

Verteilung der Resultate

Perzentil nach korrekt beantworteten Fragen

Anzahl Personen mit jedem Resultat

Ihre Resultats-Entwicklung

Sie haben dieses Quiz noch nicht gespielt